| 000 | 00675 a2200193 4500 | ||
|---|---|---|---|
| 003 | Nust | ||
| 005 | 20221124134438.0 | ||
| 010 | _a 80019725 | ||
| 020 | _a0878722920 | ||
| 040 | _cNust | ||
| 082 | 0 | 0 | _a519.5, KOO |
| 100 | 1 |
_aKoopmans, Lambert Herman, _9103518 |
|
| 245 | 1 | 3 |
_aAn introduction to contemporary statistics _cLambert H. Koopmans. |
| 260 |
_aBoston, Mass. : _bDuxbury Press, _cc1981. |
||
| 300 |
_axx, 599 p. : _bill. ; _c25 cm. |
||
| 505 | _aPart I. Exploratory Statistics (Page-1), Part II. Statistical Inference Concepts And Tools (Page-141), Statistical Inference –Methodology (Page-283). | ||
| 650 | 0 |
_aMathematical statistics. _961 |
|
| 942 |
_2ddc _cBK |
||
| 999 |
_c182010 _d182010 |
||